Najpopularniejsze numery Rap/Trap tygodnia. 28.05-03.06 YT - Statystyki

Ogólne statystyki
  • Ten quiz został rozwiązany 9 razy
  • Średni wynik to 17 z 30
Statystyki odpowiedzi
Wykonawca Wyświetlenia Utwór % Poprawnych
Ekipa 1.93M Chill
100%
OIO 2.14M Worki W Tłum
100%
Ekipa ft. Jacuś 9.85M Zygzak
100%
Ekipa 2.34M 3KIPA
89%
OIO 2.32M Amerykańskie Teledyski
89%
Alberto 703K Dwutakt
89%
Sobel 3.28M Fiołkowe Pole
89%
Wiatr ft. Sobel, Be Vis 658K Testarossa
89%
Guzior 909K BLUEBERRY
78%
Guzior ft. Oskar83 807K FALA
78%
Sobel 1.05M Kinol
78%
Mata 1.12M Patoreakcja
78%
Sobel ft. Young Igi 638K Nie Teraz
67%
OIO 840K Przypadkiem
67%
Sobel 612K Alien
56%
Avi & Louis Villain 557K AMG
56%
Chivas ft. White 2115 840K Mam Na Twarzy Krew I Tym Razem Nie Jest Sztuczna
56%
OIO 873K MVP
56%
Kizo ft. Wac Toja 1.09M Nasze Lato
56%
Paluch 688K Każdy blok
44%
Żabson, Kizo & ZetHa 739K Puerto Bounce
44%
Lipa ft. Kabe 566K Bezprawie
33%
Ten Preston 694K SHEESH
33%
Josef Bratan 595K Dawaj Hajs
22%
Hinol Polska Wersja 1.15M Dziś się czuję jak to zwierzę
22%
Kubańczyk ft. Małach 1.02M Osiedlowe Ławki
22%
Hinol Polska Wersja 572K Czarne myśli
11%
Basgrow & C0PIK ft. Ruskij 549K Romantyk
11%
Avi & Louis Villain ft. Kabe 664K WPR
11%
Favst & Gibbs ft. Szpaku, Kiełas 640K Suma wszystkich strachów
0%
Nie znaleziono quizów pasujących do podanych kryteriów
Rozkład punktacji
Procent ludzi z każdym wynikiem
Percentyl według liczby udzielonych odpowiedzi
Twoja historia wyników
Nie rozwiązałeś tego quizu